U.S. Presidents by Last Letter (A-Z) - Statistics

General Stats
  • This quiz has been taken 934 times
  • The average score is 10 of 12
Answer Stats
Letter # Capital % Correct
N 17 George Washington | Thomas Jefferson | James Madison | Andrew Jackson | Martin Van Buren | William Henry Harrison | James Buchanan | Abraham Lincoln | Andrew Johnson | Benjamin Harrison | Woodrow Wilson | Harry Truman | Lyndon B. Johnson | Richard Nixon | Ronald Reagan | Bill Clinton | Joe Biden
98%
A 1 Barack Obama
94%
R 6 John Tyler | Zachary Taylor | Chester A. Arthur | Herbert Hoover | Dwight D. Eisenhower | Jimmy Carter
90%
T 4 Ulysses S. Grant | Theodore Roosevelt | William Taft | Franklin D. Roosevelt
90%
P 1 Donald Trump
84%
D 3 James Garfield | Grover Cleveland | Gerald R. Ford
83%
Y 2 William McKinley | John F. Kennedy
79%
S 3 John Adams | John Quincy Adams | Rutherford B. Hayes
78%
H 2 George H.W. Bush | George W. Bush
77%
K 1 James K. Polk
74%
E 4 James Monroe | Millard Fillmore | Franklin Pierce | Calvin Coolidge
74%
G 1 Warren Harding
59%
No matching quizzes found
Score Distribution
Percent of People with Each Score
Percentile by Number Answered
Your Score History
You have not taken this quiz